Normal view
MARC view
Entry Personal Name
001 - CONTROL NUMBER
- control field: 20576
003 - CONTROL NUMBER IDENTIFIER
- control field: dpl
005 - DATE AND TIME OF LATEST TRANSACTION
- control field: 20100917152552.0
008 - FIXED-LENGTH DATA ELEMENTS
- fixed length control field: 100917|||a|||||| | ||| d
040 ## - CATALOGING SOURCE
- Original cataloging agency: dpl
- Transcribing agency: dpl
100 ## - HEADING--PERSONAL NAME
- Personal name: मांगले, द.गो.
670 ## - SOURCE DATA FOUND
- Source citation: Work cat.: (dpl): मांगले, द.गो., परसबाग /, 2010
670 ## - SOURCE DATA FOUND
- Source citation: Work cat.: (dpl): मांगले, द.गो., परसबाग /, 2010
